| 000 | 00419cab a2200169 4500 | ||
|---|---|---|---|
| 001 | 98944 | ||
| 008 | 090401t1999 xxu||||| |||| 00| 0 eng d | ||
| 035 | _a(Sirsi) u93690 | ||
| 041 | _aeng | ||
| 245 | _aSigns of the times | ||
| 260 | _c1999 | ||
| 350 | _a0 | ||
| 490 |
_aCSM _bChartered Surveyor Monthly _v8(8) April 1999, 28(1) |
||
| 690 | _aOFFICE SERVICES AND ADMINISTRATION | ||
| 942 | _n0 | ||
| 948 | _c02/06/1999 | ||
| 999 |
_c59384 _d59384 |
||